[Event "Quebec op U2000"]
[Site "Montreal"]
[Date "2001.07.25"]
[Round "6"]
[White "Trinh, Tri Bao"]
[Black "Thomas, Michel"]
[Result "1-0"]
[WhiteElo "1982"]
[BlackElo "1837"]
[PlyCount "47"]
[EventDate "2001.07.21"]
[EventType "swiss"]
[EventRounds "9"]
[EventCountry "CAN"]
[SourceTitle "EXT 2022"]
[Source "ChessBase"]
[SourceDate "2021.10.06"]
[SourceVersion "1"]
[SourceVersionDate "2021.10.06"]
[SourceQuality "1"]

1. e4 e6 2. d4 d5 3. e5 c5 4. c3 Nc6 5. Nf3 Bd7 6. Be2 cxd4 7. cxd4 Nge7 8. Nc3 a6 9. 0-0 Ng6 10. g3 Be7 11. h4 0-0 12. Bd3 f5 13. exf6 Bxf6 14. Ng5 Bxd4 15. Qh5 h6 16. Bxg6 Qb6 17. Bf7+ Rxf7 18. Qxf7+ Kh8 19. Qxd7 hxg5 20. Qxe6 Rf8 21. hxg5 Rxf2 22. Rxf2 Bxf2+ 23. Kg2 Bg1 24. Qe8+ 1-0

[Event "Quebec op U2000"]
[Site "Montreal"]
[Date "2001.07.23"]
[Round "4"]
[White "Thomas, Michel"]
[Black "Rouleau, Paul"]
[Result "1-0"]
[WhiteElo "1837"]
[BlackElo "1974"]
[PlyCount "69"]
[EventDate "2001.07.21"]
[EventType "swiss"]
[EventRounds "9"]
[EventCountry "CAN"]
[SourceTitle "EXT 2022"]
[Source "ChessBase"]
[SourceDate "2021.10.06"]
[SourceVersion "1"]
[SourceVersionDate "2021.10.06"]
[SourceQuality "1"]

1. d4 Nf6 2. c4 e6 3. Nf3 c5 4. d5 exd5 5. cxd5 d6 6. h3 g6 7. Nc3 Bg7 8. e4 0-0 9. Bd3 a6 10. a4 Re8 11. 0-0 Nbd7 12. Bf4 c4 13. Bc2 Nc5 14. Re1 Qb6 15. Rb1 Nfd7 16. Nd2 Ne5 17. Bxe5 Bxe5 18. Nxc4 Qb4 19. Nxe5 Rxe5 20. f4 Re8 21. Qf3 Bd7 22. Kh1 Rac8 23. e5 Nxa4 24. Bxa4 Bxa4 25. Nxa4 Qxa4 26. e6 Qb4 27. f5 gxf5 28. Qxf5 fxe6 29. dxe6 Qh4 30. Re4 Qe7 31. Rg4+ Kh8 32. Re1 Rg8 33. Rxg8+ Kxg8 34. Qe4 Rf8 35. Re3 1-0